|
|
|
|
| LEADER |
01694nam a2200421 i 4500 |
| 001 |
EBC4391579 |
| 003 |
MiAaPQ |
| 005 |
20200520144314.0 |
| 006 |
m o d | |
| 007 |
cr cnu|||||||| |
| 008 |
160222t20152015ne o 001 0 eng d |
| 020 |
|
|
|z 9789462980525
|
| 020 |
|
|
|a 9789048529896
|q (electronic bk.)
|
| 020 |
|
|
|a 9789048529902
|q (electronic bk.)
|
| 035 |
|
|
|a (MiAaPQ)EBC4391579
|
| 035 |
|
|
|a (Au-PeEL)EBL4391579
|
| 035 |
|
|
|a (CaPaEBR)ebr11153788
|
| 035 |
|
|
|a (CaONFJC)MIL882498
|
| 035 |
|
|
|a (OCoLC)933295819
|
| 040 |
|
|
|a MiAaPQ
|b eng
|e rda
|e pn
|c MiAaPQ
|d MiAaPQ
|
| 050 |
|
4 |
|a JZ1313
|b .W555 2015
|
| 082 |
0 |
|
|a 327.112
|2 3
|
| 100 |
1 |
|
|a Wijk, Rob de
|q (Robert),
|d 1954-
|e author.
|
| 245 |
1 |
0 |
|a Power politics :
|b how China and Russia reshape the world /
|c Rob de Wijk.
|
| 264 |
|
1 |
|a Amsterdam, [Netherlands] :
|b Amsterdam University Press,
|c 2015.
|
| 264 |
|
4 |
|c 2015
|
| 300 |
|
|
|a 1 online resource (213 pages)
|
| 336 |
|
|
|a text
|2 rdacontent
|
| 337 |
|
|
|a computer
|2 rdamedia
|
| 338 |
|
|
|a online resource
|2 rdacarrier
|
| 500 |
|
|
|a Includes index.
|
| 588 |
|
|
|a Description based on print version record.
|
| 590 |
|
|
|a Electronic reproduction. Ann Arbor, MI : ProQuest, 2016. Available via World Wide Web. Access may be limited to ProQuest affiliated libraries.
|
| 650 |
|
0 |
|a Balance of power.
|
| 655 |
|
4 |
|a Electronic books.
|
| 776 |
0 |
8 |
|i Print version:
|a Wijk, Rob de (Robert), 1954-
|t Power politics : how China and Russia reshape the world.
|d Amsterdam, [Netherlands] : Amsterdam University Press, c2015
|h 212 pages
|z 9789462980525
|
| 797 |
2 |
|
|a ProQuest (Firm)
|
| 856 |
4 |
0 |
|u https://ebookcentral.proquest.com/lib/matrademy/detail.action?docID=4391579
|z Click to View
|